| 000 | 01367nam a22003257a 4500 | ||
|---|---|---|---|
| 003 | DO-SdBNP | ||
| 005 | 20220823135555.0 | ||
| 007 | ta | ||
| 008 | 210906b 2018 dr a 00| 0 spad | ||
| 020 | _a9789945169010 | ||
| 040 |
_aDO-SdBNP _bspa _cBPMSU |
||
| 082 |
_a361.02 _bB142s 2018 _222 |
||
| 100 | 1 | _4Báez, Juan Ramón | |
| 245 | 1 | 0 |
_aSueños y realidades de 20 años / _cJuan Ramón Báez ; Mignologio Pujols |
| 250 | _a2a ed. revidada y ampliada | ||
| 260 |
_aSanto Domingo : _bBanco de Reservas de la República Dominicana, _c2018. |
||
| 300 |
_a211 p. : _bil. ; _c23 cm. |
||
| 500 | _aIncluye índice onomástico | ||
| 500 | _aIncluye referencias bibliográficas y notas al pie de las páginas | ||
| 500 | _aIncluye un catálogo fotográfico de personas destacada en el desarrollo de San José De Ocoa, | ||
| 590 | _aInventariado, 2022/VM | ||
| 650 | 4 |
_aDesarrollo social _zSan José de Ocoa (República Dominicana) |
|
| 650 | 4 |
_aDesarrollo comunitario _zSan José de Ocoa (República Dominicana) |
|
| 650 | 4 |
_aServicio social _zSan José de Ocoa (República Dominicana) |
|
| 650 | 4 |
_aAdministración de proyectos agropecuarios _zSan José de Ocoa (República Dominicana) |
|
| 700 | 1 |
_aPujols, Mignologio _epról. |
|
| 710 | 2 | _aAsociación para el Desarrollo de San José de Ocoa (República Dominicana ) | |
| 910 | _a VMateo V. | ||
| 942 |
_2ddc _cBK |
||
| 999 |
_c14241 _d14241 |
||